Loading...

Immolating women: a global history of window burning from ancient times to the present /

Bibliographic Details
Main Author: Fisch, Jorg
Format: Printed Book
Published: Delhi: Permanent black, 2005.
Edition:1st ed.
Subjects:
LEADER 00771cam a2200205ua 4500
020 |a 81-7824-134-X 
082 |a 393.9  |b FIS/I 
100 0 |a Fisch, Jorg 
245 1 0 |a Immolating women: a global history of window burning from ancient times to the present /  
250 |a 1st ed. 
260 |a Delhi:  |b Permanent black,  |c 2005. 
300 |a 610p.. 
500 |a Includes index. 
650 |a Customs, etiquette, folklore 
650 0 |a Sati- Widow burning 
650 0 |a Death customs 
942 |c BK 
999 |c 14735  |d 14735 
952 |0 0  |1 0  |4 0  |6 393_900000000000000_FIS  |7 0  |9 15360  |a KUCL  |b KUCL  |d 2014-05-23  |l 0  |o 393.9 FIS/  |p 17081  |r 2014-05-23  |w 2014-05-23  |y BK 
952 |0 0  |1 0  |4 0  |6 393_900000000000000_FIS  |7 0  |9 15361  |a KUCL  |b KUCL  |d 2014-05-23  |l 0  |o 393.9 FIS/  |p 28434  |r 2014-05-23  |w 2014-05-23  |y BK